Southville International School and Colleges
Your cart is empty.
  • Cart
  • Lists
    Public lists Eva Luna New books Lux_list list_1
    Your lists Log in to create your own lists
  • Log in to your account
  • Your cookies
  • Search history
Southville International School and Colleges
  • Advanced search
  • Recent comments
  • Most popular
  • Libraries

Log in to your account

Log in with GOOGLE


If you do not have an external account, but do have a local account, you can still log in:

  1. Home
  2. MARC view: Rites of passages :
Normal view MARC view ISBD view

Rites of passages : (Record no. 12466)

[ view plain ]
MARC details
000 -LEADER
fixed length control field 00496nam a22001697a 4500
003 - CONTROL NUMBER IDENTIFIER
control field OSt
005 - DATE AND TIME OF LATEST TRANSACTION
control field 20140310182355.0
008 - FIXED-LENGTH DATA ELEMENTS--GENERAL INFORMATION
fixed length control field 131001t xxu||||| |||| 00| 0 eng d
050 ## - LIBRARY OF CONGRESS CALL NUMBER
Classification number PZ 5
Item number .R53 1994
082 ## - DEWEY DECIMAL CLASSIFICATION NUMBER
Classification number KF
Item number R51 1994
100 ## - MAIN ENTRY--PERSONAL NAME
Personal name Tonya Bolden
9 (RLIN) 22311
245 ## - TITLE STATEMENT
Title Rites of passages :
Remainder of title stories about growing up by Black Writers around the world /
Statement of responsibility, etc Tonya Bolden
260 ## - PUBLICATION, DISTRIBUTION, ETC. (IMPRINT)
Place of publication, distribution, etc U.S.A :
Name of publisher, distributor, etc Hyperion Books,
Date of publication, distribution, etc c1994.
300 ## - PHYSICAL DESCRIPTION
Extent 208 p.
Dimensions 25 cm.
942 ## - ADDED ENTRY ELEMENTS (KOHA)
Source of classification or shelving scheme Library of Congress Classification
Koha item type
Holdings
Withdrawn status Lost status Source of classification or shelving scheme Damaged status Home library Current library Shelving location Date acquired Total Checkouts Full call number Barcode Date last seen Copy number Price effective from Koha item type
    Library of Congress Classification   Luxembourg Library Luxembourg Library Kids Fiction Section 10/01/2013   PZ 5 .R53 1994 11287 07/13/2019 1 10/01/2013 Books

Rites of passages :

APA

Tonya Bolden, . (1994). Rites of passages. U.S.A: Hyperion Books.

Chicago

Tonya Bolden, . 1994. Rites of passages. U.S.A: Hyperion Books.

Harvard

Tonya Bolden, . (1994). Rites of passages. U.S.A: Hyperion Books.

MLA

Tonya Bolden, . Rites of passages. U.S.A: Hyperion Books. 1994.

  • Place hold
  • Print
  • Cite
  • Add to your cart (remove)
  • Save record
    BIBTEX Dublin Core MARCXML MARC (non-Unicode/MARC-8) MARC (Unicode/UTF-8) MARC (Unicode/UTF-8, Standard) MODS (XML) RIS
  • More searches
    Search for this title in:
    Other Libraries (WorldCat) Other Databases (Google Scholar) Online Stores (Bookfinder.com) Open Library (openlibrary.org)

Exporting to Dublin Core...

SOUTHVILLE LIBRARY

Southville International School and Colleges Library

1281 Tropical Ave. Cor. Luxembourg St., BF Homes International, Las Pinas City

Tel. No. 8256374 / 252358 Loc. 117/146

Powered by Koha